000 00798nam a2200277Ia 4500
001 Z_4122
003 CHAP
008 220113s2001 xx 000 0 und d
010 _a167185
040 _cCHAP
082 _a636.39 R4
100 _aReunión Nacional sobre Caprinocultura (16 : 2001 : Veracruz, Ver.)
_9141333
245 _aMemorias /
_cpor Asociación Mexicana de Producción Caprina, A.C.
260 _aVeracruz, Ver. :
_bUniversidad Veracruzana,
_c2001
300 _a221 p. cuad. ; gráfs.
440 _a
500 _a
503 _a
650 _aGanado cabrío
_xCongresos I. Universidad Veracruzana II. Asociación Mexicana de Producción Caprina, A.C.
_9141334
901 _a636.39 R4
902 _aA
910 _a2001
942 _c1
942 _cc1
999 _c167185
_d167185